AoC Europe 1792 - Statistics

General Stats
  • This quiz has been taken 8 times
  • The average score is 25 of 100
Answer Stats
Answer % Correct
France
100%
Russia
100%
Denmark
83%
Great Britain
83%
Monaco
83%
Portugal
83%
Spain
83%
Sweden
83%
Andorra
67%
Norway
67%
Ottoman Empire
67%
Poland Lithuania
67%
Bavaria
50%
Dutch Republic
50%
Holy Roman Empire
50%
Montenegro
50%
Prussia
50%
San Marino
50%
Sardinia
50%
Baden
33%
East Frisia
33%
Habsburg Empire
33%
Junior Jüz
33%
Liége
33%
Lucca
33%
Mark
33%
Moldavia
33%
Morocco
33%
Naples
33%
Papal States
33%
Parma
33%
Savoy
33%
Saxony
33%
Switzerland
33%
Venice
33%
Wallachia
33%
Württemberg
33%
Abkhazia
17%
Algers
17%
Augsburg
17%
Basel
17%
Caucasian States
17%
Circassia
17%
Cleves
17%
Cologne
17%
Cospaia
17%
Courland Semigalla
17%
Diriyah
17%
Liechtenstein
17%
Finnmark
17%
Geneva
17%
Genoa
17%
Hanover
17%
Karabakh
17%
Mainz
17%
Mecklenburg
17%
Milan
17%
Modena
17%
Mount Lebanon
17%
Münster
17%
Oldenburg
17%
Ossetia
17%
Persia
17%
Salzburg
17%
Saxon Duchies
17%
Seven Tithings
17%
Sicily
17%
Three Leagues
17%
Trier
17%
Tunis
17%
Tuscany
17%
Ulm
17%
Würzburg
17%
Yanina
17%
Anhalt
0%
Ansbach
0%
Berat
0%
Didoya
0%
Durdzuki
0%
Erivan
0%
Ganja
0%
Guria
0%
Hohenzollern
0%
Imereti
0%
Kabardia
0%
Kartili Kakheti
0%
Mingrelia
0%
Nakichevan
0%
Neuchâtel
0%
Palatinate
0%
Piombino
0%
Poljica
0%
Ragusa
0%
Rovca
0%
Scavolino
0%
Shaki
0%
Shkodra
0%
Svaneti
0%
Tarki
0%
Tuggurt
0%
No matching quizzes found
Score Distribution
Percent of People with Each Score
Percentile by Number Answered
Your Score History
You have not taken this quiz